[Event "Quebec op"]
[Site "Montreal CAN"]
[Date "2009.07.24"]
[Round "8"]
[White "Leveille, Francois"]
[Black "Arngrimsson, Dagur"]
[Result "0-1"]
[WhiteElo "2261"]
[BlackElo "2396"]
[PlyCount "104"]
[GameId "2160767910155511"]
[EventDate "2009.07.18"]
[EventType "swiss"]
[EventRounds "9"]
[EventCountry "CAN"]
[SourceTitle "CBM 131 Extra"]
[Source "ChessBase"]
[SourceDate "2009.09.03"]
[SourceVersion "2"]
[SourceVersionDate "2009.09.16"]
[SourceQuality "1"]

1. d4 d5 2. c4 c6 3. Nf3 Nf6 4. Nc3 dxc4 5. e4 b5 6. e5 Nd5 7. a4 e6 8. Ng5 Be7 9. h4 b4 10. Nb1 c3 11. bxc3 bxc3 12. Bc4 c2 13. Qxc2 Nb4 14. Qe2 Qxd4 15. Bb2 Qd8 16. Nc3 Ba6 17. Bxa6 N8xa6 18. Rd1 Qa5 19. O-O Nd5 20. Nce4 h6 21. Nf6+ gxf6 22. Nxe6 fxe6 23. exf6 Kd7 24. Rfe1 Nac7 25. fxe7 Rhe8 26. Ba3 Qxa4 27. Qf3 Nb5 28. Bc5 Qc2 29. Rc1 Qf5 30. Qb3 Rg8 31. g3 Qh3 32. Rc4 Rg6 33. Rd1 Rag8 34. Rd3 Rg4 35. Rf3 e5 36. Qd3 Rxc4 37. Qxc4 Qg4 38. Qb3 Re8 39. Rf8 Qg6 40. Qf3 Nxe7 41. Rf6 Qc2 42. Qg4+ Kc7 43. Qh5 Kd7 44. Qxe5 Qd1+ 45. Kg2 Qd5+ 46. Qxd5+ cxd5 47. Rxh6 d4 48. Rh7 Ke6 49. Kf3 Nc6 50. Rb7 Nc3 51. Bxa7 Nxa7 52. Rxa7 Rb8 0-1

[Event "Quebec op"]
[Site "Montreal CAN"]
[Date "2009.07.24"]
[Round "8"]
[White "Sambuev, Bator"]
[Black "Kasparov, Sergey"]
[Result "1/2-1/2"]
[WhiteElo "2491"]
[BlackElo "2487"]
[PlyCount "100"]
[GameId "2160767910155514"]
[EventDate "2009.07.18"]
[EventType "swiss"]
[EventRounds "9"]
[EventCountry "CAN"]
[SourceTitle "CBM 131 Extra"]
[Source "ChessBase"]
[SourceDate "2009.09.03"]
[SourceVersion "2"]
[SourceVersionDate "2009.09.16"]
[SourceQuality "1"]

1. Nf3 Nf6 2. c4 c6 3. Nc3 d5 4. e3 a6 5. b3 Bg4 6. Be2 e6 7. h3 Bxf3 8. Bxf3 d4 9. exd4 Qxd4 10. O-O Be7 11. Bb2 O-O 12. Qc2 Qf4 13. Ne2 Qc7 14. d4 Nbd7 15. Rad1 a5 16. a3 Rfe8 17. Rfe1 Bf8 18. g3 e5 19. dxe5 Nxe5 20. Bg2 Ned7 21. Qf5 g6 22. Qf4 Qxf4 23. Nxf4 Rxe1+ 24. Rxe1 Re8 25. Rd1 Be7 26. Nd3 Rd8 27. Bf3 Kf8 28. a4 Ne8 29. Bc3 Ra8 30. Bg4 Nc5 31. Nxc5 Bxc5 32. Rd7 Nd6 33. Be5 Ne4 34. Kg2 Nxf2 35. Bf3 Re8 36. Bd4 Nd3 37. Bc3 Ne1+ 38. Bxe1 Rxe1 39. Rxb7 Re7 40. Bxc6 Rxb7 41. Bxb7 f5 42. Kf3 Ke7 43. Bd5 h5 44. g4 fxg4+ 45. hxg4 hxg4+ 46. Kxg4 Kd6 47. Be4 Bb4 48. Bxg6 Kc5 49. Kf5 Bc3 50. Ke6 Bb4 1/2-1/2

[Event "Quebec op"]
[Site "Montreal CAN"]
[Date "2009.07.24"]
[Round "8"]
[White "Thorfinnsson, Bjorn"]
[Black "Ye, Ling Feng"]
[Result "1/2-1/2"]
[WhiteElo "2395"]
[BlackElo "2179"]
[PlyCount "97"]
[GameId "2160767910155516"]
[EventDate "2009.07.18"]
[EventType "swiss"]
[EventRounds "9"]
[EventCountry "CAN"]
[SourceTitle "CBM 131 Extra"]
[Source "ChessBase"]
[SourceDate "2009.09.03"]
[SourceVersion "2"]
[SourceVersionDate "2009.09.16"]
[SourceQuality "1"]

1. d4 d5 2. Bg5 f6 3. Bf4 c5 4. e3 Nc6 5. Nc3 e5 6. dxe5 fxe5 7. Bg3 Nf6 8. Nf3 d4 9. Nb5 Bg4 10. Be2 Bxf3 11. gxf3 a6 12. Na3 Bd6 13. Nc4 Bc7 14. c3 b5 15. Nd2 O-O 16. a4 c4 17. axb5 axb5 18. Rxa8 Qxa8 19. exd4 Qc8 20. d5 Nxd5 21. Nxc4 Rd8 22. Nd2 b4 23. Qa4 bxc3 24. bxc3 Ba5 25. O-O Nxc3 26. Qc4+ Kh8 27. Nb3 Nxe2+ 28. Qxe2 Nd4 29. Qe3 Nxb3 30. Qxb3 Qf5 31. Ra1 Bd2 32. Rd1 h6 33. Qb2 Bg5 34. Rxd8+ Bxd8 35. Qb8 Qg5 36. h4 Qc1+ 37. Kg2 Qc7 38. Qa8 Qa5 39. Qc6 Bf6 40. Kh3 Qd8 41. Kg4 Qe7 42. h5 Kh7 43. Kf5 Qf7 44. Kg4 g6 45. hxg6+ Qxg6+ 46. Kh3 Qf5+ 47. Kg2 Bg7 48. Qd5 Kg6 49. Qc6+ 1/2-1/2

[Event "Quebec op"]
[Site "Montreal CAN"]
[Date "2009.07.25"]
[Round "9"]
[White "Kasparov, Sergey"]
[Black "Georgiev, Vladimir"]
[Result "0-1"]
[WhiteElo "2487"]
[BlackElo "2530"]
[PlyCount "68"]
[GameId "2160767910155521"]
[EventDate "2009.07.18"]
[EventType "swiss"]
[EventRounds "9"]
[EventCountry "CAN"]
[SourceTitle "CBM 131 Extra"]
[Source "ChessBase"]
[SourceDate "2009.09.03"]
[SourceVersion "2"]
[SourceVersionDate "2009.09.16"]
[SourceQuality "1"]

1. e4 e5 2. Nf3 Nc6 3. Bb5 a6 4. Bxc6 dxc6 5. O-O Qf6 6. d4 exd4 7. Bg5 Qd6 8. Nxd4 Bd7 9. Nc3 Ne7 10. Qd2 c5 11. Nb3 Qxd2 12. Bxd2 b6 13. a4 O-O-O 14. Be3 a5 15. Rfd1 Re8 16. Bf4 Rg8 17. Bg3 g5 18. Rxd7 Kxd7 19. Nb5 Nc8 20. Nxc7 Rxe4 21. f3 Re2 22. Rd1+ Bd6 23. Nd5 Kc6 24. Nxb6 Bxg3 25. Nxc8 Rxc8 26. Nxa5+ Kc7 27. hxg3 Rxc2 28. b3 Re8 29. Kh2 Ree2 30. Rg1 Re3 31. Kh3 f5 32. g4 f4 33. Rd1 Ree2 34. Rg1 Re6 0-1

[Event "Quebec op"]
[Site "Montreal CAN"]
[Date "2009.07.25"]
[Round "9"]
[White "Malaniuk, Vladimir P"]
[Black "Thorfinnsson, Bjorn"]
[Result "1-0"]
[WhiteElo "2563"]
[BlackElo "2395"]
[PlyCount "129"]
[GameId "2160767910155524"]
[EventDate "2009.07.18"]
[EventType "swiss"]
[EventRounds "9"]
[EventCountry "CAN"]
[SourceTitle "CBM 131 Extra"]
[Source "ChessBase"]
[SourceDate "2009.09.03"]
[SourceVersion "2"]
[SourceVersionDate "2009.09.16"]
[SourceQuality "1"]

1. f4 d5 2. Nf3 e6 3. d3 b6 4. g3 Be7 5. Bg2 h5 6. h3 Bb7 7. O-O Nd7 8. Qe1 c5 9. e4 Qc7 10. Nc3 a6 11. Bd2 dxe4 12. dxe4 O-O-O 13. Qe2 Ngf6 14. Ng5 Rhf8 15. e5 Ne8 16. Bxb7+ Qxb7 17. Nce4 h4 18. g4 Nc7 19. Nf3 f5 20. Neg5 c4 21. gxf5 Bxg5 22. Nxg5 Rxf5 23. Ne4 Ne8 24. Qxc4+ Kb8 25. Rae1 Qd5 26. Qxd5 exd5 27. Ng5 Nc7 28. Bc3 Nf8 29. e6 Ng6 30. Nf7 Rg8 31. Nd6 Rxf4 32. Rxf4 Nxf4 33. e7 Nxh3+ 34. Kh2 Ng5 35. e8=Q+ Nxe8 36. Rxe8+ Rxe8 37. Nxe8 d4 38. Bb4 a5 39. Bd6+ Kc8 40. Nxg7 Nf3+ 41. Kh3 Ne1 42. Nf5 d3 43. c3 d2 44. Ne3 Nd3 45. Nd1 Kd7 46. Bh2 Kc6 47. Bg1 Nc1 48. Kxh4 Nxa2 49. Kg4 b5 50. Kf3 Kd5 51. Ke2 Kc4 52. Kxd2 Kb3 53. Bc5 a4 54. Ba3 b4 55. cxb4 Nxb4 56. Ne3 Nc6 57. Nf5 Ne5 58. Nd4+ Kc4 59. Ne2 Nf3+ 60. Ke3 Ne1 61. Nc1 Nc2+ 62. Kd2 Nd4 63. Bf8 Ne6 64. Be7 Nd4 65. Ba3 1-0

[Event "Quebec op"]
[Site "Montreal CAN"]
[Date "2009.07.25"]
[Round "9"]
[White "Zherebukh, Yaroslav"]
[Black "Jiang, Louie"]
[Result "1-0"]
[WhiteElo "2541"]
[BlackElo "2250"]
[PlyCount "61"]
[GameId "2160767910155527"]
[EventDate "2009.07.18"]
[EventType "swiss"]
[EventRounds "9"]
[EventCountry "CAN"]
[SourceTitle "CBM 131 Extra"]
[Source "ChessBase"]
[SourceDate "2009.09.03"]
[SourceVersion "2"]
[SourceVersionDate "2009.09.16"]
[SourceQuality "1"]

1. e4 c5 2. Nf3 a6 3. Nc3 b5 4. d4 e6 5. Bd3 Bb7 6. dxc5 Bxc5 7. O-O d6 8. a3 Nf6 9. b4 Ba7 10. Qe1 Qc7 11. a4 bxa4 12. Nxa4 d5 13. e5 Ne4 14. c4 Nd7 15. Bb2 O-O 16. Rc1 Qb8 17. c5 Bc6 18. Nc3 Nxe5 19. Nxe5 Qxe5 20. Qe3 Bb8 21. f4 Qf5 22. Ne2 Qg6 23. Nd4 e5 24. fxe5 Re8 25. e6 Rxe6 26. Nxe6 Qxe6 27. Bxe4 dxe4 28. Qg5 f6 29. Rxf6 Qe7 30. Rcf1 Bc7 31. Rf8+ 1-0

[Event "Quebec op U1400"]
[Site "Montreal CAN"]
[Date "2009.07.23"]
[Round "7"]
[White "Ptitsyn, Ihor"]
[Black "Lima-Barbosa, Raphael"]
[Result "0-1"]
[WhiteElo "1350"]
[BlackElo "1350"]
[PlyCount "64"]
[GameId "2160767910155528"]
[EventDate "2009.07.18"]
[EventType "swiss"]
[EventRounds "9"]
[EventCountry "CAN"]
[SourceTitle "hb 2009.08"]

1. d4 Nf6 2. c4 g6 3. Nc3 Bg7 4. e3 d6 5. Nge2 O-O 6. g3 e5 7. Bg2 Nc6 8. O-O Bd7 9. f4 exd4 10. Nxd4 Qc8 11. b3 Nxd4 12. exd4 Bh3 13. Nd5 Nxd5 14. cxd5 Bxg2 15. Kxg2 Qf5 16. Bb2 Qxd5+ 17. Kg1 Rfe8 18. Re1 Rxe1+ 19. Qxe1 Bxd4+ 20. Bxd4 Qxd4+ 21. Kg2 Kf8 22. Kh3 Re8 23. Qh1 Re2 24. Re1 Rxa2 25. Qxb7 Qc5 26. Qa8+ Kg7 27. Qf3 Qc2 28. Rh1 Qf5+ 29. g4 Qc2 30. Kg3 Rb2 31. Kh4 Rxb3 32. Qd5 Qf2+ 0-1

[Event "Quebec op U1700"]
[Site "Montreal CAN"]
[Date "2009.07.19"]
[Round "3"]
[White "Dion, Etienne"]
[Black "Phelippe, Yannic"]
[Result "1-0"]
[WhiteElo "1636"]
[BlackElo "1531"]
[PlyCount "39"]
[GameId "2160767910155529"]
[EventDate "2009.07.18"]
[EventType "swiss"]
[EventRounds "9"]
[EventCountry "CAN"]
[SourceTitle "hb 2009.08"]

1. e4 c5 2. Nf3 d6 3. d4 cxd4 4. Nxd4 Nf6 5. Nc3 g6 6. Bc4 Bg7 7. f3 Nc6 8. Be3 Qb6 9. Bb5 a6 10. Nf5 Qa5 11. Nxg7+ Kf8 12. Bxc6 bxc6 13. Qd2 Kxg7 14. Bh6+ Kg8 15. O-O-O Be6 16. Kb1 Nd7 17. Nd5 Qd8 18. Nf4 Nf8 19. Qc3 f6 20. Bxf8 1-0

[Event "Quebec op U1700"]
[Site "Montreal CAN"]
[Date "2009.07.20"]
[Round "4"]
[White "De Gongre, Stephane"]
[Black "Dion, Etienne"]
[Result "0-1"]
[WhiteElo "1435"]
[BlackElo "1636"]
[PlyCount "100"]
[GameId "2160767910155530"]
[EventDate "2009.07.18"]
[EventType "swiss"]
[EventRounds "9"]
[EventCountry "CAN"]
[SourceTitle "hb 2009.08"]

1. e4 g6 2. Nf3 Bg7 3. d4 d6 4. Nc3 Nf6 5. Be2 O-O 6. Be3 e5 7. Qd2 Nc6 8. d5 Ne7 9. O-O Ng4 10. Bg5 h6 11. h3 hxg5 12. hxg4 Bxg4 13. Qxg5 Bd7 14. Nd1 f6 15. Qg3 Kf7 16. Nh2 Bh6 17. Qb3 Qc8 18. Ne3 Rh8 19. Bg4 Bf4 20. g3 Bxe3 21. Bxd7 Qxd7 22. fxe3 Qh3 23. Rf2 Qxg3+ 24. Rg2 Qh3 25. Rf1 b6 26. Qd3 Rag8 27. Qd2 f5 28. Rf3 Qh5 29. Qf2 Ke8 30. Rgg3 fxe4 31. Rh3 Qg5+ 32. Rhg3 Qh6 33. Rh3 Qg7 34. Rxh8 Rxh8 35. Rg3 Rf8 36. Qg2 Qf6 37. Ng4 Qf5 38. Nh6 Qh5 39. Ng4 Nf5 40. Rh3 Qg5 41. Qxe4 Nxe3 42. Qxe3 Qxg4+ 43. Kh2 g5 44. Rg3 Qf4 45. Qe2 Qh4+ 46. Kg2 Rh8 47. Qd3 Qh1+ 48. Kf2 Rh2+ 49. Ke3 Qe1+ 50. Kf3 Qf2+ 0-1

[Event "Quebec op U1700"]
[Site "Montreal CAN"]
[Date "2009.07.21"]
[Round "5"]
[White "Dion, Etienne"]
[Black "Milosz, Jerzy"]
[Result "1-0"]
[WhiteElo "1636"]
[BlackElo "1527"]
[PlyCount "57"]
[GameId "2160767910155531"]
[EventDate "2009.07.18"]
[EventType "swiss"]
[EventRounds "9"]
[EventCountry "CAN"]
[SourceTitle "hb 2009.08"]

1. e4 c6 2. d3 d5 3. Nd2 Nd7 4. g3 Ngf6 5. Bg2 e5 6. Ne2 dxe4 7. Nxe4 Be7 8. O-O O-O 9. Bd2 Nxe4 10. dxe4 Nf6 11. Bc3 Qc7 12. Nc1 b6 13. Nd3 Nd7 14. Re1 Ba6 15. Qg4 Bxd3 16. cxd3 Nc5 17. d4 Na4 18. f4 Nxc3 19. bxc3 exd4 20. cxd4 Bb4 21. Red1 Rad8 22. Rac1 Qc8 23. f5 Ba3 24. Rc2 Qd7 25. e5 Rc8 26. Qf4 Qe7 27. f6 Qe6 28. Qg5 g6 29. Qh6 1-0

[Event "Quebec op U1700"]
[Site "Montreal CAN"]
[Date "2009.07.22"]
[Round "6"]
[White "Lambert, Pierre Henry"]
[Black "Dion, Etienne"]
[Result "0-1"]
[WhiteElo "1594"]
[BlackElo "1636"]
[PlyCount "42"]
[GameId "2160767910155532"]
[EventDate "2009.07.18"]
[EventType "swiss"]
[EventRounds "9"]
[EventCountry "CAN"]
[SourceTitle "EXT 2011"]
[Source "ChessBase"]
[SourceDate "2011.11.26"]
[SourceVersion "1"]
[SourceVersionDate "2011.11.26"]
[SourceQuality "1"]

1. e4 e5 2. Nf3 Nc6 3. d4 exd4 4. Nxd4 g6 5. Be3 Bg7 6. Nxc6 bxc6 7. Bd4 Nf6 8. Nc3 O-O 9. Bd3 d6 10. O-O Be6 11. f4 c5 12. Be3 Ng4 13. Bd2 Bd4+ 14. Kh1 Nxh2 15. Be1 Nxf1 16. Bxf1 Rb8 17. Rb1 Qf6 18. Qf3 Qg7 19. g4 f5 20. gxf5 gxf5 21. Bg2 fxe4 0-1

[Event "Quebec op U1700"]
[Site "Montreal CAN"]
[Date "2009.07.23"]
[Round "7"]
[White "Dion, Etienne"]
[Black "Boyer, Eric"]
[Result "1-0"]
[WhiteElo "1636"]
[BlackElo "1675"]
[PlyCount "71"]
[GameId "2160767910155533"]
[EventDate "2009.07.18"]
[EventType "swiss"]
[EventRounds "9"]
[EventCountry "CAN"]
[SourceTitle "hb 2009.08"]

1. e4 d5 2. exd5 Nf6 3. g3 Qxd5 4. Nf3 e5 5. Nc3 Qd6 6. Bg2 c6 7. O-O Bg4 8. h3 Bxf3 9. Qxf3 Nbd7 10. Re1 Be7 11. b4 O-O 12. b5 cxb5 13. Nxb5 Qb4 14. a4 e4 15. Qe2 Qa5 16. Bxe4 Nxe4 17. Qxe4 Bf6 18. d4 Rfe8 19. Qxe8+ Rxe8 20. Rxe8+ Nf8 21. Ba3 h6 22. Bxf8 Kh7 23. c3 a6 24. Bb4 Qb6 25. Bc5 Qa5 26. Nd6 Qxc3 27. Rb1 Bxd4 28. Bxd4 Qxd4 29. Nxf7 Qxa4 30. Rh8+ Kg6 31. Ne5+ Kf5 32. Re1 Qa3 33. Re3 Qc5 34. g4+ Kg5 35. f4+ Kh4 36. Ng6# 1-0

[Event "Quebec op U2000"]
[Site "Montreal CAN"]
[Date "2009.07.18"]
[Round "1"]
[White "Morin, Louis"]
[Black "Ouellet-Lahaie, Didier"]
[Result "1-0"]
[WhiteElo "1881"]
[BlackElo "1685"]
[PlyCount "101"]
[GameId "2160767910155534"]
[EventDate "2009.07.18"]
[EventType "swiss"]
[EventRounds "9"]
[EventCountry "CAN"]

1. e4 c5 2. d4 cxd4 3. c3 d3 4. Bxd3 Nc6 5. Nf3 d6 6. O-O Nf6 7. Re1 e5 8. Bc4 Be7 9. Nbd2 O-O 10. Nf1 Na5 11. Bd3 Qc7 12. Ne3 Be6 13. Qe2 h6 14. Bd2 Rac8 15. b3 a6 16. c4 b5 17. Rac1 bxc4 18. Nxc4 Nxc4 19. Bxc4 Bxc4 20. Rxc4 Qb7 21. Rec1 Rxc4 22. Rxc4 Rc8 23. Ra4 Rc6 24. Ne1 Nd7 25. Nd3 Nc5 26. Nxc5 dxc5 27. Bc3 Re6 28. f3 Bg5 29. g3 Bf6 30. Qc4 Qb6 31. Ra5 Be7 32. Kg2 Qc6 33. Kf2 Bd8 34. Ra4 Be7 35. Bd2 Qb6 36. Be3 Rc6 37. Qc3 Qc7 38. Rc4 a5 39. Qc1 Kh7 40. Qc2 Kg8 41. Kg2 Qb6 42. Qc3 Qc7 43. a3 Qb6 44. b4 axb4 45. axb4 Qa6 46. Bxc5 Qa2+ 47. Qc2 Qxc2+ 48. Rxc2 Bxc5 49. Rxc5 Rxc5 50. bxc5 Kf8 51. Kf2 1-0

[Event "Quebec op U2000"]
[Site "Montreal CAN"]
[Date "2009.07.18"]
[Round "1"]
[White "Soskic, Radmilo"]
[Black "Ah-Lan, Kenny"]
[Result "0-1"]
[WhiteElo "1691"]
[BlackElo "1887"]
[PlyCount "36"]
[GameId "2160767910155535"]
[EventDate "2009.07.18"]
[EventType "swiss"]
[EventRounds "9"]
[EventCountry "CAN"]
[SourceTitle "hb 2009.08"]

1. d4 d5 2. c4 c6 3. e3 Nf6 4. Nc3 e6 5. Bd3 Nbd7 6. c5 b6 7. b4 a5 8. bxa5 bxc5 9. Nf3 c4 10. Bc2 Bb4 11. Bd2 Qxa5 12. Na4 c3 13. Bc1 Qxa4 14. a3 Qa6 15. Bd3 c2+ 16. Ke2 cxd1=Q+ 17. Rxd1 Qa4 18. Bb2 Ba6 0-1

[Event "Quebec op U2000"]
[Site "Montreal CAN"]
[Date "2009.07.19"]
[Round "2"]
[White "Plante, Marc-Eric"]
[Black "Morin, Louis"]
[Result "1/2-1/2"]
[WhiteElo "1727"]
[BlackElo "1881"]
[PlyCount "104"]
[GameId "2160767910155536"]
[EventDate "2009.07.18"]
[EventType "swiss"]
[EventRounds "9"]
[EventCountry "CAN"]

1. e4 e5 2. Nf3 d6 3. d4 Nf6 4. dxe5 Nxe4 5. Qd5 Nc5 6. Bg5 Be6 7. Qxc5 dxc5 8. Bxd8 Kxd8 9. Nc3 Be7 10. O-O-O+ Ke8 11. Nd5 Bd8 12. Bc4 c6 13. Ne3 b5 14. Bxe6 fxe6 15. h4 h6 16. Nd2 Rf8 17. Ne4 Nd7 18. Rd6 Ke7 19. Rhd1 Nxe5 20. Nxc5 Rf6 21. f4 Nf7 22. Rxc6 Bb6 23. Ng4 Bxc5 24. Rc7+ Kf8 25. Rxc5 Rxf4 26. Ne5 Nxe5 27. Rxe5 Rxh4 28. Rxe6 Kf7 29. Red6 Rg4 30. Rd7+ Ke8 31. R1d2 a6 32. Rb7 Rd8 33. Rf2 Rgd4 34. b3 R4d7 35. Rb6 Rd6 36. Rb7 R8d7 37. Rb8+ Ke7 38. Re2+ Kf7 39. Rf2+ Kg6 40. Ra8 Rc7 41. Rd2 Rf6 42. Rad8 Rcc6 43. R8d7 h5 44. Re7 h4 45. Rdd7 Rf1+ 46. Kb2 Rf2 47. Rxg7+ Kh5 48. Rh7+ Rh6 49. Rhg7 Rg6 50. Rh7+ Rh6 51. Rhg7 Rg6 52. Rh7+ Rh6 1/2-1/2

[Event "Quebec op U2000"]
[Site "Montreal CAN"]
[Date "2009.07.19"]
[Round "3"]
[White "Allard, Laurent"]
[Black "Sarrazin-Gendron, Roman"]
[Result "1/2-1/2"]
[WhiteElo "1853"]
[BlackElo "1682"]
[PlyCount "46"]
[GameId "2160767910155537"]
[EventDate "2009.07.18"]
[EventType "swiss"]
[EventRounds "9"]
[EventCountry "CAN"]
[SourceTitle "hb 2009.08"]

1. e4 c6 2. d4 d5 3. Nc3 dxe4 4. Nxe4 Bf5 5. Ng3 Bg6 6. h4 h6 7. Nf3 Nd7 8. h5 Bh7 9. Bd3 Bxd3 10. Qxd3 Ngf6 11. Bd2 e6 12. O-O-O Qc7 13. Ne4 O-O-O 14. Nxf6 Nxf6 15. Ne5 c5 16. Bc3 Nd5 17. Qf3 cxd4 18. Bxd4 Nb4 19. Qb3 Rxd4 20. Rxd4 Qxe5 21. Rhd1 Be7 22. Rd7 Qf4+ 23. Kb1 Rd8 1/2-1/2

[Event "Quebec op U2000"]
[Site "Montreal CAN"]
[Date "2009.07.19"]
[Round "3"]
[White "Morin, Louis"]
[Black "Cardin-St-Antoine, Benoit"]
[Result "0-1"]
[WhiteElo "1881"]
[BlackElo "1704"]
[PlyCount "164"]
[GameId "2160767910155538"]
[EventDate "2009.07.18"]
[EventType "swiss"]
[EventRounds "9"]
[EventCountry "CAN"]

1. e4 e6 2. d4 d5 3. e5 c5 4. Qg4 b6 5. Bb5+ Bd7 6. Bd3 Nc6 7. Nf3 Nb4 8. O-O c4 9. a3 cxd3 10. axb4 Bb5 11. Na3 Qd7 12. Nxb5 Qxb5 13. c3 Ne7 14. Ne1 a5 15. Qg3 Rc8 16. bxa5 d2 17. Bxd2 Qxb2 18. Nf3 bxa5 19. Rxa5 Nf5 20. Qh3 h5 21. Rfa1 g6 22. R5a2 Qb5 23. Ne1 Bg7 24. Qd3 Qb6 25. Ra6 Qb7 26. Rb1 Qd7 27. Qb5 Qxb5 28. Rxb5 O-O 29. Rb7 Bh6 30. f4 Rb8 31. Raa7 Rxb7 32. Rxb7 Ra8 33. g3 Bf8 34. Kf1 Ne7 35. Nf3 Nc6 36. Ke2 Be7 37. Rc7 Ra6 38. Bc1 Kf8 39. Nd2 Bd8 40. Rb7 Rb6 41. Rxb6 Bxb6 42. Ba3+ Ke8 43. Kd3 Kd7 44. Nb3 Na5 45. Nxa5 Bxa5 46. Bb4 Bd8 47. c4 Kc6 48. Kc3 Bc7 49. Kb3 Bd8 50. Bc3 Bc7 51. Kb4 Bd8 52. c5 Bc7 53. Ka4 Bd8 54. Ba5 Be7 55. Bb6 f6 56. Kb4 fxe5 57. fxe5 Bg5 58. Kc3 Be3 59. Kd3 Bg1 60. h3 Bf2 61. g4 hxg4 62. hxg4 Bh4 63. Ke2 Kb5 64. Kf3 Bg5 65. Bc7 Kc4 66. Bd6 Kb5 67. Bf8 Bd8 68. Kf4 Kc4 69. c6 Kb5 70. c7 Bxc7 71. Kg5 Kc4 72. Bd6 Bd8+ 73. Kxg6 Kxd4 74. Kf7 Kc4 75. Kxe6 d4 76. Ba3 Bg5 77. Kf5 d3 78. e6 d2 79. Kxg5 d1=Q 80. Bf8 Qf3 81. e7 Qf7 82. Kh6 Kd5 0-1

[Event "Quebec op U2000"]
[Site "Montreal CAN"]
[Date "2009.07.20"]
[Round "4"]
[White "O'Connor, Michael"]
[Black "Morin, Louis"]
[Result "1/2-1/2"]
[WhiteElo "1748"]
[BlackElo "1881"]
[PlyCount "109"]
[GameId "2160767910155539"]
[EventDate "2009.07.18"]
[EventType "swiss"]
[EventRounds "9"]
[EventCountry "CAN"]

1. d4 d5 2. Nf3 Nf6 3. c4 e6 4. g3 Be7 5. Bg2 O-O 6. Qc2 a6 7. O-O dxc4 8. Qxc4 b5 9. Qc2 Bb7 10. Nbd2 Nc6 11. Nb3 Nb4 12. Qd1 Be4 13. Bg5 Qd5 14. Qd2 Nxa2 15. Bxf6 gxf6 16. Rxa2 Qxb3 17. Rfa1 Bb7 18. Qa5 Bxf3 19. Bxf3 Ra7 20. Qc3 Qxc3 21. bxc3 Rb8 22. Rxa6 Rxa6 23. Rxa6 b4 24. cxb4 Rxb4 25. e3 Kg7 26. Kg2 Rb2 27. Be4 Bb4 28. Rc6 f5 29. Bc2 Bd6 30. Kf3 Rb6 31. Ba4 Rb4 32. Bc2 Kf6 33. Ke2 h5 34. f4 Rb6 35. Rc4 Kg6 36. Kf3 Rb2 37. h3 Kf6 38. Rc6 Ra2 39. Rc4 Rb2 40. e4 fxe4+ 41. Kxe4 Rb4 42. Rxb4 Bxb4 43. g4 hxg4 44. hxg4 Bc3 45. Ba4 Ke7 46. g5 Bb2 47. Bb5 f5+ 48. Ke3 Bc1+ 49. Kf3 Bb2 50. Ke3 Kd6 51. Bc4 Bc1+ 52. Kf3 Bb2 53. Ke3 Bc1+ 54. Kf3 Bb2 55. Ke3 1/2-1/2

[Event "Quebec op U2000"]
[Site "Montreal CAN"]
[Date "2009.07.21"]
[Round "5"]
[White "Morin, Louis"]
[Black "Wu, Qiyou"]
[Result "1-0"]
[WhiteElo "1881"]
[BlackElo "1720"]
[PlyCount "41"]
[GameId "2160767910155540"]
[EventDate "2009.07.18"]
[EventType "swiss"]
[EventRounds "9"]
[EventCountry "CAN"]

1. e4 c5 2. d4 cxd4 3. c3 dxc3 4. Nxc3 Nc6 5. Nf3 d6 6. Bc4 Nf6 7. e5 dxe5 8. Qxd8+ Nxd8 9. Nb5 Rb8 10. Nxe5 e6 11. Nc7+ Ke7 12. b3 Nd7 13. Ba3+ Kf6 14. Ne8+ Kxe5 15. Bb2+ Kf5 16. Bd3+ Kf4 17. Ke2 f5 18. h4 Be7 19. g3+ Kg4 20. Nxg7 Bc5 21. Rag1 1-0

[Event "Quebec op U2000"]
[Site "Montreal CAN"]
[Date "2009.07.22"]
[Round "6"]
[White "Goldner, John"]
[Black "Morin, Louis"]
[Result "0-1"]
[WhiteElo "1733"]
[BlackElo "1881"]
[PlyCount "108"]
[GameId "2160767910155541"]
[EventDate "2009.07.18"]
[EventType "swiss"]
[EventRounds "9"]
[EventCountry "CAN"]

1. e4 e5 2. Nf3 d6 3. d4 Nf6 4. dxe5 Nxe4 5. Nbd2 Nxd2 6. Bxd2 Nc6 7. Bc4 Bg4 8. exd6 Bxd6 9. O-O O-O 10. Be2 Qd7 11. Be3 Rad8 12. c3 Qc8 13. Qa4 Rfe8 14. Rfe1 Qf5 15. Nh4 Qe5 16. g3 Bxe2 17. Rxe2 Qe4 18. Qxe4 Rxe4 19. Rae1 Rde8 20. Kf1 g6 21. Nf3 f5 22. Nd4 Nxd4 23. Bxd4 Rxe2 24. Rxe2 Rxe2 25. Kxe2 a6 26. b4 Kf7 27. Kd3 Ke6 28. f4 b5 29. a3 Kd5 30. Bf6 c5 31. Bd8 Bf8 32. Bc7 c4+ 33. Ke3 Bg7 34. Kd2 Ke4 35. h3 Kf3 36. Be5 Bh6 37. g4 fxg4 38. hxg4 Bxf4+ 39. Bxf4 Kxf4 40. g5 Kxg5 41. Ke3 h5 42. Kd4 h4 43. a4 bxa4 44. Kxc4 h3 45. Kc5 a3 46. c4 a2 47. Kb6 a1=Q 48. c5 h2 49. c6 h1=Q 50. c7 Qa8 51. c8=Q Qxc8 52. b5 axb5 53. Kxb5 Qb2+ 54. Ka5 Qa8# 0-1

[Event "Quebec op U2000"]
[Site "Montreal CAN"]
[Date "2009.07.23"]
[Round "7"]
[White "Benoit, Sebastien"]
[Black "Lepine, Cedric"]
[Result "0-1"]
[WhiteElo "1825"]
[BlackElo "1611"]
[PlyCount "72"]
[GameId "2160767910155542"]
[EventDate "2009.07.18"]
[EventType "swiss"]
[EventRounds "9"]
[EventCountry "CAN"]
[SourceTitle "hb 2009.08"]

1. e4 e6 2. d4 d5 3. Nc3 Bb4 4. e5 Ne7 5. a3 Bxc3+ 6. bxc3 c5 7. Qg4 Ng6 8. h4 h5 9. Qg3 Qa5 10. Bd2 cxd4 11. cxd4 Qa4 12. Bd3 Qxd4 13. Bxg6 Qxa1+ 14. Ke2 Nc6 15. Bc3 Qxa3 16. Nf3 Ne7 17. Bxf7+ Kxf7 18. Qf4+ Ke8 19. Bb4 Qa6+ 20. Kd2 Qc4 21. Qxc4 dxc4 22. Kc3 b5 23. Bxe7 Kxe7 24. Nd4 a6 25. Kb4 Bb7 26. f3 Rhd8 27. c3 Rd5 28. Ka5 Rxe5 29. Kb6 Bd5 30. Rd1 Re3 31. Nf5+ exf5 32. Rxd5 Ke6 33. Rc5 Rxc3 34. Kb7 Rd8 35. Kxa6 Ra3+ 36. Kxb5 Rd5 0-1

[Event "Quebec op U2000"]
[Site "Montreal CAN"]
[Date "2009.07.23"]
[Round "7"]
[White "Morin, Louis"]
[Black "Bolduc, Rene"]
[Result "1-0"]
[WhiteElo "1881"]
[BlackElo "1485"]
[PlyCount "75"]
[GameId "2160767910155543"]
[EventDate "2009.07.18"]
[EventType "swiss"]
[EventRounds "9"]
[EventCountry "CAN"]

1. e4 e5 2. Nf3 Nc6 3. Bb5 a6 4. Bxc6 dxc6 5. O-O Nf6 6. Nxe5 Bd6 7. Nf3 Ng4 8. d4 Be6 9. Nc3 Qd7 10. d5 cxd5 11. exd5 Bf5 12. Re1+ Be7 13. Qe2 f6 14. h3 h5 15. Nd4 Ne5 16. Nxf5 Qxf5 17. f4 Ng6 18. Qe4 Qxe4 19. Nxe4 O-O-O 20. c4 Rhe8 21. Bd2 h4 22. Rad1 b5 23. b3 Kb7 24. Kf2 f5 25. Ng5 Bc5+ 26. Kf3 Nf8 27. Bc3 g6 28. Bf6 Bb4 29. Re5 Nd7 30. Bxd8 Nxe5+ 31. fxe5 Rxe5 32. Bf6 Re8 33. Ne6 Kb6 34. Bxh4 bxc4 35. bxc4 Bd6 36. c5+ Bxc5 37. Rb1+ Ka5 38. Nxc5 1-0